Trouve La Chanson de BTS #2 - Statistiques

Statistiques générales
  • Ce quiz a été pris 1 536 fois
    1 533 depuis la dernière actualisation
  • Le résultat moyen est 11 sur 20
Statistiques - réponses
Par images Réponse % Correct
Idol
95%
Not Today
85%
No more dream
78%
Danger
71%
Dreamers
59%
Daechwita
58%
Singularity
58%
My Universe
54%
Yet To Come
54%
Euphoria
52%
The Astronaut
51%
War Of Hormones
48%
Serendipity
46%
Lie
42%
Epiphany
41%
Stay Gold
41%
Wild Flower
41%
Make It Right
33%
Persona
33%
Chicken, Noodle, Soop
27%
Aucun quiz correspondant
Distribution des résultats
% des personnes avec chaque résultat
Percentile par nombre de réponses
Votre historique - résultats
Vous n’avez pas pris ce quiz depuis la dernière actualisation